{"text_format":"3","workbook":"xls","n_sheets":2,"sheets":["基础装修","主材"],"not_rendered":{"external_links":1,"defined_names":1},"read":"whole","date_system":"1900","formulas":"cached_only"}

{"sheet":"基础装修","index":0,"n_rows":70,"n_cols":7,"rows_kept":70,"merged":[[0,0,0,6],[1,0,1,4],[1,5,1,12],[2,0,2,4],[2,5,2,12],[3,6,3,12],[4,0,4,6],[5,6,6,6],[7,6,8,6],[10,0,10,6],[11,6,12,6],[13,6,14,6],[15,0,15,3],[16,0,16,6],[17,6,18,6],[19,6,20,6],[21,0,21,3],[22,0,22,6],[23,6,24,6],[26,0,26,3],[27,0,27,6],[28,6,29,6],[33,0,33,3],[34,0,34,6],[37,0,37,3],[38,0,38,6],[57,0,57,3],[58,0,58,6],[61,0,61,3],[62,0,62,3],[63,0,63,3],[64,0,64,99],[65,0,68,0],[65,1,65,6],[66,1,66,6],[67,1,67,6],[68,1,68,6],[69,0,69,6]],"flags":["formulas_cached_only"]}
["鑫盛峰装饰工程报价单"]
["客户地址：雷捷时代广场",{"$nulls":4},"联系电话："]
["公司地址：绿岛建材城板材区西26",{"$nulls":4},"联系电话：13393369502"]
["序号","项 目 名 称","单位","数量","单价","单项合计","材料结构及制做、安装工艺标准"]
["客餐厅 "]
[1,"顶面基层处理","m2",32,18,576,"1、刷美巢界面剂1遍；批刮来恩施腻子2-3遍（披刮厚度不超过3.5 mm），阴阳角找直,(200W白炽灯泡侧光)砂纸打磨找平墙面;\n2、原墙面如有开裂,把开裂外铲除干净,用嵌缝石膏修补,局部贴牛皮纸或网格带处理."]
[2,"墙面基层处理","m2",80,18,1440]
[3,"顶面刷漆","m2",32,5,160,"立邦净味120二合一底漆一遍面漆二遍，工艺：漆面平整，无流痕。"]
[4,"墙面刷漆","m2",80,5,400]
[{"$nulls":4},"小计",{"v":2576,"d":"2576.00"}]
["主卧室"]
[1,"顶面基层处理","m2",12.8,18,{"v":230.4,"d":"230"},"1、刷美巢界面剂1遍；批刮来恩施腻子2-3遍（披刮厚度不超过3.5 mm），阴阳角找直,(200W白炽灯泡侧光)砂纸打磨找平墙面;\n2、原墙面如有开裂,把开裂外铲除干净,用嵌缝石膏修补,局部贴牛皮纸或网格带处理."]
[2,"墙面基层处理","m2",37.8,18,{"v":680.4,"d":"680"}]
[3,"顶面刷漆","m2",12.8,5,64,"立邦净味120二合一底漆一遍面漆二遍，工艺：漆面平整，无流痕。"]
[4,"墙面刷漆","m2",37.8,5,189]
[{"$nulls":4},"小计",{"v":1163.8,"d":"1163.80"}]
["次卧室"]
[1,"顶面基层处理","m2",8.8,18,{"v":158.4,"d":"158"},"1、刷美巢界面剂1遍；批刮来恩施腻子2-3遍（披刮厚度不超过3.5 mm），阴阳角找直,(200W白炽灯泡侧光)砂纸打磨找平墙面;\n2、原墙面如有开裂,把开裂外铲除干净,用嵌缝石膏修补,局部贴牛皮纸或网格带处理."]
[2,"墙面基层处理","m2",32.4,18,{"v":583.1999999999999,"d":"583"}]
[3,"顶面刷漆","m2",8.8,5,44,"立邦净味120二合一底漆一遍面漆二遍，工艺：漆面平整，无流痕。"]
[4,"墙面刷漆","m2",32.4,5,162]
[{"$nulls":4},"小计",{"v":947.5999999999999,"d":"947.60"}]
["厨房"]
[1,"地面铺砖","m2",3.5,30,105,"1、钻牌水泥、中砂、地面干硬铺贴，墙面湿铺，其缝宽≤5mm或按设计要求施工,勾缝剂勾缝,(美缝剂勾缝费用另计）\n2、墙砖采用正铺铺贴方法\n3、如客户选用砖的规格尺寸≤200×200mm，>800×800mm费用另计。"]
[2,"墙面铺砖","m2",20,30,600]
[3,"墙面拉毛","m2",20,8,160,"美巢墙锢掺素水泥灰拉毛处理."]
[{"$nulls":4},"小计",{"v":865,"d":"865.00"}]
["卫生间"]
[1,"地面铺砖","m2",5.3,30,159,"1、钻牌水泥、中砂、地面干硬铺贴，墙面湿铺，其缝宽≤5mm或按设计要求施工,勾缝剂勾缝,(美缝剂勾缝费用另计）\n2、墙砖采用正铺铺贴方法\n3、如客户选用砖的规格尺寸≤200×200mm，>800×800mm费用另计。"]
[2,"墙面铺砖","m2",26,30,780]
[3,"墙面拉毛","m2",26,8,208,"美巢墙锢掺素水泥灰拉毛处理."]
[4,"包立管","根",1,260,260,"5CM轻体砖堆砌包下水立管（预留200*300检修口>"]
[3,"防水","m2",23,50,1150,"地面清理干净，局部找平，堵漏灵涂刷墙体四周边角，滚刷东方雨虹防水涂料2-3遍，做24小时闭水试验。标准：地面满刷，墙面滚刷1800cm高度。（如特殊需求费用另计）"]
[{"$nulls":4},"小计",{"v":2557,"d":"2557.00"}]
["其它"]
[1,"垃圾清理","项",1,200,200,"施工垃圾装袋清理到物业指定垃圾池。"]
[2,"沙子水泥","项",1,1200,1200,"小区沙子水泥"]
[{"$nulls":4},"小计",1400]
["主材"]
[1,"复合木地板","m2",57,60,3420,"（都市百合）复合木地板1.2厚，含耗损"]
[2,"卧室门","套",2,450,900,"免漆门及套含五金件及锁，包安装"]
[3,"卫生间门","套",1,400,400,"铝镁合金含五金件及锁，包安装"]
[4,"厨房推拉门","套",1,800,800,"铝镁合金含五金件及锁，包安装"]
[5,"厨房卫生间吊顶","m2",8.8,54,{"v":475.20000000000005,"d":"475"},"加厚塑钢板吊顶"]
[6,"厨房墙地砖","m2",24,32,768,"米兰春天，广东瓷砖，墙砖规格300*450，地砖规格300*300"]
[7,"卫生间墙地砖","m2",32,32,1024,"米兰春天，广东瓷砖，墙砖规格300*450，地砖规格300*300"]
[8,"阳台地砖","m2",3,32,96,"米兰春天，广东瓷砖，墙砖规格300*450，地砖规格300*300"]
[9,"马桶","个",1,350,350,"广东陶瓷"]
[10,"洗手盆（柱盆）","个",1,280,280,"广东陶瓷"]
[11,"淋雨花洒","个",1,350,350,"大喷头花洒、"]
[12,"电热水器","个",1,850,850,"电热水器（美的，长虹或同等价位品牌）"]
[13,"浴霸","个",1,280,280,"取暖，排风，照明三合一浴霸、"]
[14,"地漏","个",2,30,60,"普通防臭地漏"]
[15,"橱柜","延米",3.7,480,1776,"不锈钢台面，饰面板门板，大芯板柜体。"]
[16,"烟机灶具","套",1,800,800,"中式，小天鹅"]
[17,"洗菜盆","套",1,320,320,"不锈钢,含龙头。"]
[18,"灯具及面板","项",1,500,500,"LED吸顶灯"]
[{"$nulls":4},"小计",{"v":13449.2,"d":"13449"}]
["水电改造按实际发生量计算"]
[1,"电路改造","m",10,35,350,"含国标北京天坛2.5mm铜芯线pvc硬管，转弯处加弯头，接线头处加接线盒，弱电(电话、电视、音响、线路)封包前验收。此价格不含面板(不足1米按1米计算)含阻燃盒、含开洞、面板甲供（网线只负责牵线，不负责连接面板）4.0mm铜芯线每米另加10元。不分明暗，不分强弱电。"]
[2,"水路改造","m",30,45,1350,"含联塑或星德PPR水管及管件，不含软管和龙头。水路改造24小时完工后，做打压试验，压力0.6~1Mpa，保压1小时，检查各接头处应无漏渗水（不分明暗）。"]
[{"$nulls":4},"小计",1700]
[{"$nulls":4},"合计",{"v":24658.6,"d":"24659"}]
[{"$nulls":4},"优惠价",23500]
["                                                  "]
[null,"1、所有物业押金及物业收取的垃圾费和各种形式的管理款项敬请您承担，我方承担因施工违反物业规定而扣出的部分费用，施工过程中产生的水电费由业主承担。"]
[null,"2、施工中如有漏报项目或增加项目及各项工程量，均以最后验收实际发生工程量结算。签订合同后如出现减项现象对我公司产生损失的（如材料已经采购或工人已经开始施工该项目），甲方需向乙方赔付因减项造成的损失，未造成严重损失但减项额超过总造价20%的，甲方需向乙方支付减项总额10%的款项作为违约金。"]
[null,"3、客户装修房屋的任何构件（非我方施工主体物件）如可能影响我方施工，无论是拆卸、改造或是用其他方法处理，敬请业主承担费用。"]
[null,"4、此报价不含税金，如索要发票另增加工程总造价的4%"]
["客户签字：                         设计部经理签字（盖章）："]

{"sheet":"主材","index":1,"n_rows":20,"n_cols":7,"rows_kept":20,"merged":[[0,0,0,6]],"flags":["formulas_cached_only"]}
["八、主材"]
[1,"杭州丰盛高档多层实木烤漆门",5,"樘",{"v":2600,"d":"2,600"},{"v":13000,"d":"13,000"},"包含（五金锁具、门套、安装、门吸）"]
[2,"入户门套",5.3,"m",115,{"v":609.5,"d":"610"},"烤漆门套（单面）"]
[3,"南阳台推拉门套",6.9,"m",115,{"v":793.5,"d":"794"},"烤漆门套（单面）"]
[4,"厨房推拉门",3.6,"m2",550,{"v":1980,"d":"1,980"},"钛镁合金边框双层钢化玻璃"]
[5,"主卧大衣柜推拉门",7,"m2",280,{"v":1960,"d":"1,960"},"木塑百叶推拉门"]
[6,"衣帽间衣柜推拉门",7,"m2",280,{"v":1960,"d":"1,960"},"木塑百叶推拉门"]
[7,"大次卧大衣柜推拉门",6.44,"m2",280,{"v":1803.2,"d":"1,803"},"木塑百叶推拉门"]
[8,"帅康厨房橱柜地柜",8,"m",{"v":1080,"d":"1,080"},{"v":8640,"d":"8,640"},"石英石台面，实木颗粒柜体，烤漆柜门此为裸柜价（洗菜盆、烟机炉灶甲方提供）按现场测量面积为准"]
[9,"帅康厨房橱柜吊柜",3.4,"m",720,{"v":2448,"d":"2,448"},"实木颗粒柜体，烤漆柜门（洗菜盆、烟机炉灶甲方提供）按现场测量面积为准"]
[10,"卫生间门",2,"樘",900,{"v":1800,"d":"1,800"},"钛镁合金门（门套另计）"]
[11,"阳台墙地砖",17.04,"m2",130,{"v":2215.2,"d":"2,215"},"广东博华"]
[12,"厨房墙地砖",47.13,"m2",130,{"v":6126.900000000001,"d":"6,127"},"广东博华"]
[13,"卫生间墙地砖",65.12,"m2",130,{"v":8465.6,"d":"8,466"},"广东博华"]
[14,"客厅地砖",55.93,"m2",187,{"v":10458.91,"d":"10,459"},"广东博华抛釉砖"]
[15,"实木复合木地板",55.93,"m2",197,{"v":11018.21,"d":"11,018"},"达象美学地板"]
[16,"飘窗窗台板",6.26,"m2",420,{"v":2629.2,"d":"2,629"},"人造大理石台面"]
[17,"踢脚线粘贴",85,"m",30,{"v":2550,"d":"2,550"},"1. 对原地面做清扫，挂胶扫水泥素渠、常规处理、辅料为325水泥  2. 用1:3水泥沙子或903胶粘贴铺平压实                             3. 瓷砖磨边，碰角，阳台拼花压钢条等符合要求   4. 主材钢条甲供  5. 勾缝必须按照报价要求用白水泥或专用勾缝剂（甲供）"]
[18,"瓷砖铺贴",185.22,"m2",65,{"v":12039.3,"d":"12,039"},"1. 对原地面做清扫，挂胶扫水泥素渠、常规处理、辅料为325水泥  2. 用1:3水泥沙子或903胶粘贴铺平压实                             3. 瓷砖磨边，碰角，阳台拼花压钢条等符合要求   4. 主材钢条甲供  5. 勾缝必须按照报价要求用白水泥或专用勾缝剂（甲供）"]
[{"$nulls":4},"合计:",{"v":90497.51999999999,"d":"90,498"}]